| 000 | 00591nam a22002177a 4500 | ||
|---|---|---|---|
| 005 | 20220728095426.0 | ||
| 008 | 220728b ||||| |||| 00| 0 eng d | ||
| 040 | _cAloy | ||
| 041 | _aeng | ||
| 082 |
_223 _a494.82 _bSRIL |
||
| 100 |
_aK Srinivasachari _953716 |
||
| 245 | _aLearn Telugu in thirty days | ||
| 260 |
_aMadras _c1978 _bBalaji Publications |
||
| 300 |
_a167p. _bPB _c18x12cm |
||
| 365 | _2eng | ||
| 440 |
_aNational Integration Language Series _953702 |
||
| 650 |
_aTelugu _953695 |
||
| 650 |
_aLanguage _953696 |
||
| 700 |
_aSRINIVASACHARI (K) _953700 |
||
| 942 |
_2ddc _cGF |
||
| 999 |
_c224249 _d224249 |
||